| 000 | 00526nam a22002057a 4500 | ||
|---|---|---|---|
| 003 | OSt | ||
| 005 | 20231014080014.0 | ||
| 008 | 231014b |||||||| |||| 00| 0 eng d | ||
| 020 | _a6164000597091 | ||
| 040 | _aSEKU | ||
| 050 |
_aK 3175 _b.K35 2016 |
||
| 100 | _aKaluma, Peter | ||
| 245 | _aJudicial review: law procedures and practise | ||
| 250 | _a2nd | ||
| 260 |
_aNairobi: Kenya _blawAfrica, _c2016. |
||
| 300 | _a343p.: | ||
| 600 | _2Judicisl | ||
| 650 |
_aJudicial review _xadministrative acts |
||
| 942 |
_2lcc _cGEN |
||
| 999 |
_c18360 _d18360 |
||